Catálogo
 En Linea

La vida en el reino : (Registro nro. 35922)

Detalles MARC
000 -CABECERA
campo de control de longitud fija 00651nam a2200181 a 4500
001 - NÚMERO DE CONTROL
campo de control 000036431
005 - FECHA Y HORA DE LA ÚLTIMA TRANSACCIÓN
campo de control 20200930075728.0
008 - DATOS DE LONGITUD FIJA--INFORMACIÓN GENERAL
campo de control de longitud fija 120117s1996 sp a 000 0 spa d
020 ## - NÚMERO INTERNACIONAL ESTÁNDAR DEL LIBRO
Número Internacional Estándar del Libro 1880828006
040 ## - FUENTE DE LA CATALOGACIÓN
Centro catalogador/agencia de origen DO-SdBNP
Lengua de catalogación spa
Centro/agencia transcriptor BNPHU
082 ## - NÚMERO DE LA CLASIFICACIÓN DECIMAL DEWEY
Número de clasificación xxxx
Número de documento/Ítem N397
100 1# - ENTRADA PRINCIPAL--NOMBRE DE PERSONA
Nombre de persona Neighbour, Ralph W.
9 (RLIN) 62645
240 13 - TÍTULO UNIFORME
Título uniforme The arrival kit: a guide for your journey in the kingdom of god
Lenguaje de la obra Español
245 13 - MENCIÓN DE TÍTULO
Título La vida en el reino :
Resto del título una guía para tu viaje en el Reino de Dios /
Mención de responsabilidad, etc. Ralph W. Neighbour,Jr. ; traducción Ignacio Rubio Guisasola.
260 ## - PUBLICACIÓN, DISTRIBUCIÓN, ETC.
Lugar de publicación, distribución, etc. Houston :
Nombre del editor, distribuidor, etc. [s. n.],
Fecha de publicación, distribución, etc. 1996.
300 ## - DESCRIPCIÓN FÍSICA
Extensión 144 p. :
Otras características físicas ils ;
Dimensiones 16 p.
500 ## - NOTA GENERAL
Nota general Traducido del inglés
Existencias
Estado de retiro Estado de pérdida Restricciones de uso No para préstamo Código de colección Localización permanente Ubicación/localización actual Ubicación en estantería Fecha de adquisición Número de inventario Total de préstamos Signatura topográfica completa Código de barras Fecha visto por última vez Precio válido a partir de Tipo de ítem Koha
      Excluido de préstamo Monografías: Libros y Folletos General General En catalogación 17.01.2012 LF1   xxxx N397 36432-10 25.06.2020 25.06.2020 No se presta

Con tecnología Koha